00663 2200181 4500245008500000020002200085250001100107100001900118700002000137650001700157005001900174260004200193041001400235084000800249300002300257500019200280336000900472 aCha untuk Chayang b : (Kisah Lina , Pudel , & Cha Latte)cAbmi HandayanihText a978-979-22-2739-0 aCet. 1 aAbmi Handayani aDalih Sembiring aNovel Remaja a20231002132731 aJakartabGramedia Pustaka Utamac2007 aIndonesia a813 a224 hlm. :c20 cm. aLina namanya balikpapan asalnya yogyakarta tujuannya dia seorang cewe cerdas dengan logat yang lucu. Kalau dengar dia ngomong kamu pasti bakal tersenyum atau bengong atau malah merinding. atext